| 000 | 00000nas 2200000zi 4500 |
| 001 | 9.951198 |
| 003 | CaOODSP |
| 005 | 20250520080504 |
| 006 | m o d f |
| 007 | cr cn |||||||| |
| 008 | 250516c20249999oncar p o f0### 0eng|d |
| 040 | |aCaOODSP|beng|erda|cCaOODSP |
| 041 | |aeng|afre |
| 043 | |an-cn--- |
| 086 | 1 |aBC1-6-PDF |
| 110 | 2 |aCanadian Broadcasting Corporation.|eauthor, |eissuing body. |
| 245 | 10|aRapport annuel sur la mise en oeuvre de la partie VII de la Loi sur les langues officielles = |bAnnual report on the implementation of part VII of the Official Languages Act. |
| 246 | 31|aAnnual report on the implementation of part VII of the Official Languages Act |
| 264 | 1|a[Ottawa] : |bCBC = Radio-Canada, |c[2024]- |
| 310 | |aAnnual |
| 336 | |atext|btxt|2rdacontent |
| 337 | |acomputer|bc|2rdamedia |
| 338 | |aonline resource|bcr|2rdacarrier |
| 362 | 1 |aBegan with: 2023/2024. |
| 546 | |aText in English and French in parallel columns. |
| 588 | |aDescription based on: 2023/2024; title from PDF cover. |
| 588 | |aLatest issue consulted: 2023/2024. |
| 610 | 20|aCanadian Broadcasting Corporation|vPeriodicals. |
| 610 | 10|aCanada. |tOfficial Languages Act (1988)|vPeriodicals. |
| 650 | 0|aBilingualism|zCanada|vPeriodicals. |
| 650 | 0|aLanguage policy|zCanada|vPeriodicals. |
| 655 | 7|aPeriodicals|2lcgft |
| 710 | 1 |aCanada. |bCanadian Heritage, |eissuing body. |
| 780 | 00|tRéalisations ... pour la mise en oeuvre de l'article 41 : |w(CaOODSP)9.940790 |
| 788 | |tRapport annuel sur la mise en oeuvre de la partie VII de la Loi sur les langues officielles = |efre|w(CaOODSP)9.951199 |